[Event "50smm A Steinegg-Bruneck"]
[Site "?"]
[Date "2018.12.01"]
[Round "3.1"]
[White "Luciani, Valerio"]
[Black "Engl, Stefan"]
[Result "1-0"]
[WhiteElo "2064"]
[BlackElo "1999"]
[PlyCount "134"]
[EventDate "2018.12.01"]
[SourceDate "2018.11.11"]

1. d4 e6 2. g3 f5 3. Bg2 Nf6 4. Nd2 d5 5. Nh3 Bd6 6. Nf3 O-O 7. Nf4 c5 8. c3
Nc6 9. O-O Ng4 10. h3 Nh6 11. Be3 b6 12. Qa4 Qe8 13. Qd1 Nf7 14. h4 Bd7 15. Nd3
c4 16. Nf4 Nh6 17. Nh3 Ng4 18. Bf4 Be7 19. Nd2 Nf6 20. f3 Nh5 21. e4 Nxf4 22.
Nxf4 g5 23. hxg5 Bxg5 24. e5 Bxf4 25. gxf4 Rf7 26. Kf2 Rg7 27. Rh1 Qg6 28. Bf1
Ne7 29. Ke3 h5 30. Qe1 Qh6 31. Qh4 Ng6 32. Qg5 Qxg5 33. fxg5 f4+ 34. Kf2 Rh7
35. Be2 b5 36. Rh3 Ne7 37. Bd1 Kg7 38. Bc2 Rhh8 39. Rah1 Be8 40. Rh4 Bg6 41.
Bxg6 Kxg6 42. Rxf4 Nf5 43. Rg1 Rab8 44. Ne4 b4 45. Nc5 bxc3 46. b3 cxb3 47.
axb3 Rb6 48. Ke2 Rhb8 49. Kd3 Rxb3 50. Nxb3 Rxb3 51. Rxf5 exf5 52. Kc2 Rb2+ 53.
Kxc3 Rf2 54. Kb4 Rxf3 55. Kc5 Re3 56. Kxd5 f4 57. Ke6 f3 58. d5 h4 59. d6 h3
60. d7 Rd3 61. Ke7 h2 62. Rh1 Kxg5 63. Rxh2 Kf5 64. e6 a5 65. Rh5+ Kg4 66. Rxa5
f2 67. Ra1 Rf3 1-0

[Event "50smm A Steinegg-Bruneck"]
[Site "?"]
[Date "2018.12.01"]
[Round "3.2"]
[White "Pichler, Martin"]
[Black "Moling, Patrick"]
[Result "1-0"]
[WhiteElo "1824"]
[BlackElo "2064"]
[PlyCount "43"]
[EventDate "2018.12.01"]
[SourceDate "2018.11.11"]

1. e4 c5 2. Nc3 Nc6 3. f4 d6 4. Nf3 g6 5. Bb5 Bg7 6. Bxc6+ bxc6 7. O-O e6 8. d3
Rb8 9. Qe1 Ne7 10. f5 exf5 11. Qh4 h6 12. Bd2 Rxb2 13. exf5 Bxf5 14. Rae1 Rxc2
15. Ne4 Bxe4 16. Rxe4 Kd7 17. Ba5 Qf8 18. Rfe1 Nd5 19. Rb1 Rb2 20. Rxb2 Bxb2
21. Re2 Bf6 22. Qg4# 1-0

[Event "50smm A Steinegg-Bruneck"]
[Site "?"]
[Date "2018.12.01"]
[Round "3.3"]
[White "Peintner, Andreas"]
[Black "Engl, Alexander"]
[Result "1/2-1/2"]
[WhiteElo "1934"]
[BlackElo "1811"]
[PlyCount "104"]
[EventDate "2018.12.01"]
[SourceDate "2018.11.11"]

1. d4 e6 2. c4 f5 3. Nf3 Nf6 4. g3 d5 5. Bg2 c6 6. O-O Bd6 7. b3 Qe7 8. Bb2 O-O
9. Nbd2 Bd7 10. Qc2 Be8 11. Ne5 Nbd7 12. e3 g5 13. f3 Qg7 14. Kh1 Nh5 15. f4
Nhf6 16. c5 Bc7 17. b4 Qh6 18. Bf3 Kh8 19. a4 Rg8 20. Rg1 Nh5 21. Nf1 Ndf6 22.
Rg2 Bxe5 23. dxe5 Nd7 24. Bd4 Nf8 25. Kg1 Rd8 26. Ra2 Rd7 27. Qc1 Rdg7 28. Rab2
a6 29. Bd1 Ng6 30. Rbf2 Ne7 31. Be2 Rg6 32. Qd1 Ng7 33. Bf3 Bd7 34. Be2 Ne8 35.
Qb1 Qg7 36. Bd3 h5 37. Qc2 Rf8 38. Qe2 Rh6 39. Nd2 g4 40. Nb3 h4 41. Rf1 Qh7
42. Kf2 Kg7 43. Ke1 Rh8 44. Kd2 hxg3 45. hxg3 Rh2 46. Rfg1 Rh3 47. Bc3 Nc7 48.
Nd4 Kf7 49. Kc2 Rb8 50. Rb1 Rh8 51. Rbg1 Rb8 52. Rb1 Rh8 1/2-1/2

[Event "50smm A Steinegg-Bruneck"]
[Site "?"]
[Date "2018.12.01"]
[Round "3.4"]
[White "Lantschner, Carmen"]
[Black "Balzarini, Franco"]
[Result "0-1"]
[WhiteElo "1695"]
[BlackElo "1840"]
[PlyCount "94"]
[EventDate "2018.12.01"]
[SourceDate "2018.11.11"]

1. e4 c5 2. Nf3 Nc6 3. d4 cxd4 4. Nxd4 a6 5. Nc3 e6 6. Be3 Nf6 7. Nb3 Bb4 8.
Bd2 O-O 9. Bd3 Ne5 10. Be2 Qc7 11. f4 Nc4 12. Bxc4 Qxc4 13. e5 Bxc3 14. Bxc3
Nd5 15. Qd4 Qxd4 16. Bxd4 Nxf4 17. g3 Ng6 18. O-O-O f6 19. Bc5 Rf7 20. exf6
gxf6 21. Bd6 b6 22. Bc7 Bb7 23. Rhf1 b5 24. Nc5 Bd5 25. Nd3 Rc8 26. Ba5 Bxa2
27. Bc3 e5 28. Rf2 Be6 29. Nb4 Kg7 30. Nd5 Rd8 31. Nc7 Bg4 32. Rd6 Rc8 33. Ba5
Ne7 34. Rxa6 b4 35. Nb5 Rb8 36. Nd6 Rff8 37. Bc7 Ra8 38. Rb6 Nd5 39. Nf5+ Bxf5
40. Rxf5 Nxc7 41. Rxb4 Ne6 42. c3 Rfc8 43. Rg4+ Kf7 44. Rh4 Ng5 45. Rg4 Kg6 46.
Rf2 h5 47. Rb4 Ne6 0-1

[Event "50smm A Steinegg-Bruneck"]
[Site "?"]
[Date "2018.12.01"]
[Round "3.5"]
[White "Niederkofler, Andreas"]
[Black "Schroffenegger, Simon"]
[Result "1-0"]
[WhiteElo "1797"]
[BlackElo "1456"]
[PlyCount "58"]
[EventDate "2018.12.01"]
[SourceDate "2018.11.11"]

1. e4 e5 2. Nf3 Nf6 3. Bc4 Nxe4 4. Nc3 Nxc3 5. dxc3 f6 6. Nh4 g6 7. O-O Nc6 8.
f4 d6 9. f5 Ne7 10. Bd3 c6 11. fxg6 Qb6+ 12. Kh1 Bg7 13. gxh7 Kd8 14. Qh5 Be6
15. Bh6 Bxh6 16. Qxh6 Kd7 17. Rxf6 Qxb2 18. Raf1 Qxa2 19. Ng6 Nxg6 20. Qxg6
Rae8 21. Rxe6 Ref8 22. Rxd6+ Kc7 23. Rdf6 Rd8 24. Qf7+ Qxf7 25. Rxf7+ Rd7 26.
Rxd7+ Kxd7 27. Rf7+ Kd6 28. Rg7 e4 29. Bxe4 Re8 1-0

[Event "50smm B Gries-Naturns2"]
[Site "?"]
[Date "2018.12.01"]
[Round "3.5"]
[White "Gurschler, Markus"]
[Black "Barth, Hanno"]
[Result "1-0"]
[WhiteElo "1561"]
[BlackElo "1179"]
[PlyCount "71"]
[EventDate "2018.12.01"]
[SourceDate "2018.11.11"]

1. d4 d5 2. Bf4 Nf6 3. e3 Bf5 4. Bd3 Bxd3 5. Qxd3 e6 6. Nf3 Nc6 7. c3 Bd6 8.
Ne5 Bxe5 9. Bxe5 Nxe5 10. dxe5 Nd7 11. f4 O-O 12. Nd2 c6 13. O-O-O Qb6 14. Rde1
Nc5 15. Qc2 a5 16. h4 a4 17. Rh3 Ra5 18. Nf3 Qb5 19. Ng5 g6 20. e4 Nd3+ 21.
Qxd3 Qxd3 22. Rxd3 b6 23. Nf3 f6 24. exd5 cxd5 25. g3 b5 26. Nd4 Kf7 27. exf6
Re8 28. Rde3 Ra6 29. Nxb5 Rc6 30. Nd4 Rb6 31. f5 gxf5 32. Nxf5 Kxf6 33. Nh6 Rd6
34. Rf3+ Kg6 35. Ng4 Kg7 36. Ne5 1-0

[Event "50smm B Groeden2-Naturns"]
[Site "?"]
[Date "2018.12.01"]
[Round "3.3"]
[White "Naegele, Norbert"]
[Black "Kasslatter, Matthias"]
[Result "0-1"]
[WhiteElo "1837"]
[BlackElo "1416"]
[PlyCount "96"]
[EventDate "2018.12.01"]
[SourceDate "2018.11.11"]

1. e4 e5 2. Nf3 Nc6 3. Bb5 Nf6 4. d3 d6 5. O-O Be7 6. h3 O-O 7. c3 a6 8. Ba4 b5
9. Bc2 d5 10. exd5 Qxd5 11. Qe2 Be6 12. Bg5 h6 13. Bh4 Rad8 14. Re1 Bf5 15.
Nxe5 Rfe8 16. Nxc6 Qxc6 17. Qd1 Qd7 18. d4 c5 19. Bxf5 Qxf5 20. Bxf6 Qxf6 21.
d5 Qd6 22. c4 bxc4 23. Nc3 Bf6 24. Qa4 Rxe1+ 25. Rxe1 Bxc3 26. bxc3 Qxd5 27.
Re8+ Rxe8 28. Qxe8+ Kh7 29. Qe3 g6 30. Qe8 Kg7 31. Qc8 Qe5 32. Qxa6 Qxc3 33.
Qb6 Qb4 34. Qd6 Qe1+ 35. Kh2 Qxf2 36. Qe5+ Kh7 37. a4 Qd4 38. Qe8 Kg7 39. a5 c3
40. Qe2 Qf4+ 41. Kh1 Qc1+ 42. Kh2 c2 43. Qe5+ Kh7 44. Qf6 Kg8 45. a6 Qa3 46. a7
Qxa7 47. Qc3 Qa2 48. Qxc5 Qb2 0-1

[Event "50smm B Kaltern/Tramin2-Taufers"]
[Site "?"]
[Date "2018.12.01"]
[Round "3.1"]
[White "Holzer, Philipp"]
[Black "Bertagnolli, Gerhard"]
[Result "1/2-1/2"]
[WhiteElo "1838"]
[BlackElo "1872"]
[PlyCount "31"]
[EventDate "2018.12.01"]
[SourceDate "2018.11.11"]

1. e4 d6 2. d4 Nf6 3. Nc3 g6 4. Bg5 Bg7 5. f4 O-O 6. Nf3 c6 7. Be2 h6 8. Bxf6
Bxf6 9. O-O Nd7 10. e5 Bg7 11. Ne4 d5 12. Ng3 e6 13. c3 c5 14. Kh1 b6 15. Qa4
Nb8 16. b4 1/2-1/2

[Event "50smm B Kaltern/Tramin2-Taufers"]
[Site "?"]
[Date "2018.12.01"]
[Round "3.2"]
[White "Dallaglio, Giovanni"]
[Black "Forer, Erich"]
[Result "1/2-1/2"]
[WhiteElo "1847"]
[BlackElo "1821"]
[PlyCount "102"]
[EventDate "2018.12.01"]
[SourceDate "2018.11.11"]

1. d4 Nf6 2. Nf3 d6 3. c4 g6 4. Nc3 Bg7 5. e4 O-O 6. Be2 Nbd7 7. O-O e5 8. d5
h6 9. Ne1 Re8 10. Be3 Nf8 11. Nd3 g5 12. c5 Ng6 13. g3 Nxe4 14. Nxe4 f5 15.
cxd6 cxd6 16. f3 fxe4 17. fxe4 Bh3 18. Rf2 Qd7 19. Bh5 Kh7 20. Qd2 Rec8 21. Rc1
Qa4 22. Rxc8 Rxc8 23. b4 Rc7 24. Bd1 Qa3 25. Bb3 Bg4 26. Qe1 Qa6 27. Nb2 b6 28.
Ba4 Qc8 29. Bc6 Qd8 30. b5 Nh8 31. Nc4 Bh5 32. Qb4 Bg6 33. Qxd6 Qxd6 34. Nxd6
Kg8 35. Nf5 Bxf5 36. d6 Rd7 37. Rxf5 Rxd6 38. Bd5+ Kh7 39. a4 Bf6 40. a5 Ng6
41. a6 Ne7 42. Rf1 Nxd5 43. exd5 Kg6 44. Rc1 Rxd5 45. Rc7 Kf5 46. Rxa7 Ke4 47.
Rf7 Kxe3 48. Rxf6 Rd1+ 49. Kg2 g4 50. Rxh6 Rd2+ 51. Kg1 Rd1+ 1/2-1/2

[Event "50smm B Kaltern/Tramin2-Taufers"]
[Site "?"]
[Date "2018.12.01"]
[Round "3.3"]
[White "Haidacher, Gerold"]
[Black "Leimgruber, Erich"]
[Result "1-0"]
[WhiteElo "1705"]
[BlackElo "1648"]
[PlyCount "85"]
[EventDate "2018.12.01"]
[SourceDate "2018.11.11"]

1. e4 c5 2. c3 Nc6 3. Nf3 d6 4. d4 cxd4 5. Bc4 Nf6 6. Qe2 e6 7. cxd4 Be7 8. O-O
O-O 9. Nc3 Re8 10. Bb3 a5 11. Rd1 b6 12. e5 Ba6 13. Qe3 Nd7 14. d5 Ncxe5 15.
Nxe5 Nxe5 16. dxe6 fxe6 17. Bxe6+ Kh8 18. Qh3 Bc8 19. Be3 Nc4 20. Bd4 Bf6 21.
Bxf6 Qxf6 22. Bxc8 Raxc8 23. b3 Ne5 24. Ne4 Qf4 25. Nxd6 Rf8 26. Nxc8 Ng4 27.
Qg3 Qxg3 28. hxg3 Rxc8 29. Rd6 h6 30. Rxb6 Rc2 31. Rb8+ Kh7 32. Rf8 g5 33. Rf3
Kg6 34. a3 Ne5 35. Rf8 Ng4 36. Rb1 Ra2 37. b4 axb4 38. axb4 Ra6 39. b5 Rb6 40.
Rc8 Kh5 41. Rc6 Rb7 42. b6 Ne5 43. Rc7 1-0

[Event "50smm B Kaltern/Tramin2-Taufers"]
[Site "?"]
[Date "2018.12.01"]
[Round "3.4"]
[White "Filosi, Gianluigi"]
[Black "Flatscher, Tobias"]
[Result "1/2-1/2"]
[WhiteElo "1610"]
[BlackElo "1632"]
[PlyCount "60"]
[EventDate "2018.12.01"]
[SourceDate "2018.11.11"]

1. d4 d5 2. Nf3 c6 3. e3 Nf6 4. Bd3 Bg4 5. O-O e6 6. Nbd2 Nbd7 7. b3 Bd6 8. Bb2
Qc7 9. Be2 Ne4 10. h3 Nxd2 11. Nxd2 Bxe2 12. Qxe2 Nf6 13. c4 O-O 14. c5 Be7 15.
Rad1 Rac8 16. b4 b5 17. a3 a5 18. e4 dxe4 19. Nxe4 Nxe4 20. Qxe4 a4 21. Qg4 Bf6
22. Bc1 Qd7 23. Bg5 Bxg5 24. Qxg5 h6 25. Qe3 Qd5 26. Rd3 Rcd8 27. Rfd1 Rd7 28.
f3 Rfd8 29. Qe4 Qxe4 30. fxe4 Kf8 1/2-1/2

[Event "50smm B Kaltern/Tramin2-Taufers"]
[Site "?"]
[Date "2018.12.01"]
[Round "3.5"]
[White "Stivaletta, Andrea"]
[Black "Stadler, Helmuth"]
[Result "1-0"]
[WhiteElo "1621"]
[BlackElo "1599"]
[PlyCount "70"]
[EventDate "2018.12.01"]
[SourceDate "2018.11.11"]

1. e4 e5 2. Nf3 Nc6 3. Bc4 Be7 4. O-O d6 5. h3 h6 6. c3 Nf6 7. Qe2 O-O 8. d4 a6
9. Rd1 Qe8 10. Nbd2 b5 11. Bb3 Bd7 12. Nf1 a5 13. a3 Bd8 14. Ng3 a4 15. Ba2 Na5
16. dxe5 dxe5 17. Be3 Nb3 18. Rab1 Rc8 19. Qc2 c5 20. Bxb3 axb3 21. Qxb3 Be6
22. Qc2 Nd7 23. b3 Bb6 24. Rd6 Bc7 25. Rd2 Qe7 26. c4 Ba5 27. Rd3 b4 28. axb4
Bxb4 29. Rbd1 Rfd8 30. Bd2 f6 31. Bxb4 cxb4 32. Qd2 Kf7 33. Rd6 Rb8 34. Nf5
Bxf5 35. exf5 Rb7 1-0

[Event "50smm B Kaltern/Tramin3-Ridnaun"]
[Site "?"]
[Date "2018.12.01"]
[Round "3.1"]
[White "Aigner, Helmut"]
[Black "Dibiasi, Rainer"]
[Result "1-0"]
[WhiteElo "1866"]
[BlackElo "1830"]
[PlyCount "96"]
[EventDate "2018.12.01"]
[SourceDate "2018.11.11"]

1. e4 c6 2. Nc3 d5 3. Nf3 dxe4 4. Nxe4 Bf5 5. Ng3 Bg6 6. h4 h6 7. Ne5 Bh7 8.
Qh5 g6 9. Qf3 Nf6 10. Qb3 Qd5 11. Qxb7 Qxe5+ 12. Be2 Qd6 13. Qxa8 Bg7 14. Qxa7
O-O 15. d3 Nd5 16. O-O f5 17. c3 e5 18. Qa4 Kh8 19. Qd1 Qe7 20. h5 g5 21. a4 g4
22. Nh1 Qh4 23. g3 Qxh5 24. a5 Nd7 25. a6 Qf7 26. Qa4 Qg6 27. a7 N7b6 28. Qa6
Na8 29. c4 Ndc7 30. Qa3 f4 31. f3 gxf3 32. Rxf3 Ne6 33. Rf2 Nd4 34. Qe7 Nxe2+
35. Rxe2 Qxd3 36. Rf2 Qd1+ 37. Rf1 Qd4+ 38. Kh2 Qxc4 39. Bd2 Qe2+ 40. Rf2 fxg3+
41. Kxg3 Qd3+ 42. Kh2 Rg8 43. Bc3 Qg6 44. Ng3 Qg4 45. Rf7 Be4 46. Rg1 Bd5 47.
Rxg7 Rxg7 48. Bxe5 Qh4+ 1-0

[Event "50smm B Kaltern/Tramin3-Ridnaun"]
[Site "?"]
[Date "2018.12.01"]
[Round "3.2"]
[White "Maier, Fridolin"]
[Black "Obermueller, Johann"]
[Result "1-0"]
[WhiteElo "1685"]
[BlackElo "1659"]
[PlyCount "41"]
[EventDate "2018.12.01"]
[SourceDate "2018.11.11"]

1. e4 e5 2. Nc3 Nc6 3. f4 d6 4. Nf3 Nf6 5. Bc4 Na5 6. Bb3 Nxb3 7. axb3 exf4 8.
d4 Be7 9. O-O O-O 10. Bxf4 Bg4 11. h3 Bh5 12. Qe1 Bg6 13. Nh4 a6 14. Nxg6 hxg6
15. e5 dxe5 16. dxe5 Nh5 17. Rd1 Bc5+ 18. Kh1 Qc8 19. Bh2 f5 20. Qh4 Be7 21.
Qxe7 1-0

[Event "50smm B Kaltern/Tramin3-Ridnaun"]
[Site "?"]
[Date "2018.12.01"]
[Round "3.3"]
[White "Helfer, August"]
[Black "Unterkofler, Alex"]
[Result "1-0"]
[WhiteElo "1620"]
[BlackElo "1787"]
[PlyCount "35"]
[EventDate "2018.12.01"]
[SourceDate "2018.11.11"]

1. d4 d5 2. c4 c6 3. Nc3 Nf6 4. Bg5 Ne4 5. Nxe4 dxe4 6. Qd2 h6 7. Bf4 Na6 8. a3
g5 9. Bg3 Bg7 10. e3 c5 11. Ne2 Bg4 12. Rd1 Qb6 13. h3 Bxe2 14. Bxe2 Rd8 15. b4
cxd4 16. c5 dxe3 17. Qxd8+ Qxd8 18. Bb5+ 1-0

[Event "50smm B Kaltern/Tramin3-Ridnaun"]
[Site "?"]
[Date "2018.12.01"]
[Round "3.4"]
[White "Martinelli, Michele"]
[Black "Helfer, Sieghard"]
[Result "1-0"]
[WhiteElo "1654"]
[BlackElo "1518"]
[PlyCount "123"]
[EventDate "2018.12.01"]
[SourceDate "2018.11.11"]

1. e4 g6 2. d4 Bg7 3. c4 d6 4. Nc3 Nd7 5. f4 e6 6. Nf3 Ne7 7. Be2 b6 8. O-O Bb7
9. d5 exd5 10. cxd5 a6 11. Nd4 Nf6 12. Be3 c5 13. dxc6 Nxc6 14. Bf3 O-O 15. e5
dxe5 16. Nxc6 Qxd1 17. Ne7+ Kh8 18. Raxd1 e4 19. Be2 Rfe8 20. Ned5 Nxd5 21.
Nxd5 Bxd5 22. Rxd5 Bxb2 23. Rb1 Bg7 24. Rxb6 a5 25. f5 gxf5 26. Rxf5 Re7 27.
Bc4 Kg8 28. Bd5 Rc8 29. Rc6 Rb8 30. Bb3 a4 31. Bxa4 Rb1+ 32. Rf1 Rb8 33. Bb3 h6
34. Kf2 Kh7 35. Ke2 Rbb7 36. Rc2 Kg6 37. Bc4 f5 38. g3 Rec7 39. Kd2 Rd7+ 40.
Ke2 Rbc7 41. Bf4 Ra7 42. Be3 Rab7 43. a4 Rdc7 44. a5 Rb4 45. Rfc1 Bb2 46. Rb1
Rbxc4 47. Rxc4 Rxc4 48. Rxb2 Ra4 49. a6 Rxa6 50. Rb6+ Rxb6 51. Bxb6 Kh5 52. h3
Kg5 53. Bd8+ Kg6 54. Ke3 Kf7 55. Bc7 Kf6 56. Bf4 h5 57. h4 Ke7 58. Kd4 Ke6 59.
Kc5 e3 60. Bxe3 Ke5 61. Bf4+ Ke6 62. Kc6 1-0

[Event "50smm B Kaltern/Tramin3-Ridnaun"]
[Site "?"]
[Date "2018.12.01"]
[Round "3.5"]
[White "Gasteiger, Josef"]
[Black "Florian, Andreas"]
[Result "0-1"]
[WhiteElo "1412"]
[BlackElo "1518"]
[PlyCount "96"]
[EventDate "2018.12.01"]
[SourceDate "2018.11.11"]

1. c4 e6 2. Nc3 d5 3. e3 Nf6 4. Nf3 c5 5. d4 Nc6 6. cxd5 exd5 7. Bb5 a6 8.
Bxc6+ bxc6 9. Ne5 Bd7 10. O-O Bd6 11. f4 O-O 12. Nxd7 Qxd7 13. h3 Qa7 14. Kh1
Rad8 15. Qa4 Qb6 16. Qd1 Ne4 17. Nxe4 dxe4 18. Qb3 Qb5 19. Qxb5 cxb5 20. dxc5
Bxc5 21. a3 Rd3 22. Re1 Rfd8 23. b4 Bb6 24. Kh2 Rd1 25. Bb2 Rxa1 26. Bxa1 Rd3
27. Rc1 f5 28. Rc6 Bxe3 29. Rc8+ Kf7 30. Rc7+ Ke6 31. Be5 g5 32. Rc6+ Kd5 33.
Rd6+ Kc4 34. Rc6+ Kb3 35. fxg5 Bxg5 36. Rxa6 e3 37. Re6 e2 38. Bg3 Re3 39.
Rxe3+ Bxe3 40. Be1 Bc1 41. Kg3 Bxa3 42. Kf2 Bxb4 43. Bxb4 Kxb4 44. Kxe2 Kc3 45.
Kd1 Kb2 46. Kd2 b4 47. h4 b3 48. h5 Ka2 0-1

[Event "50smm A Arci-Klausen"]
[Site "?"]
[Date "2018.12.15"]
[Round "4.1"]
[White "Schacher, Gerd"]
[Black "Perino, Alberto"]
[Result "1-0"]
[WhiteElo "2277"]
[BlackElo "1833"]
[PlyCount "79"]
[EventDate "2018.12.15"]
[SourceDate "2018.11.11"]

1. Nf3 d6 2. g3 Nf6 3. c4 e5 4. Nc3 Be7 5. Bg2 O-O 6. O-O c6 7. d3 b6 8. Rb1
Bb7 9. b4 Qc7 10. Bg5 Nbd7 11. b5 d5 12. bxc6 Bxc6 13. cxd5 Bxd5 14. Nxd5 Nxd5
15. Qb3 Qd6 16. Rbc1 Nc5 17. Bxe7 Nxe7 18. Qb2 Nc6 19. Nxe5 Nxe5 20. d4 Rae8
21. dxc5 bxc5 22. Rfd1 Qf6 23. Qc3 Qa6 24. Rd2 g6 25. Rb2 Nd7 26. e3 Nb6 27.
Rd2 Rd8 28. Rcd1 Rc8 29. h4 c4 30. Rd6 Qxa2 31. h5 gxh5 32. Qf6 Qa5 33. R1d5
Nxd5 34. Rxd5 Qe1+ 35. Kh2 Rfe8 36. Rg5+ Kf8 37. Rg7 Re7 38. Rxh7 Ke8 39. Rh8+
Kd7 40. Bh3+ 1-0

[Event "50smm A Arci-Klausen"]
[Site "?"]
[Date "2018.12.15"]
[Round "4.2"]
[White "Moser, Gabriele"]
[Black "Teutsch, Alexander"]
[Result "1/2-1/2"]
[WhiteElo "1896"]
[BlackElo "2049"]
[PlyCount "56"]
[EventDate "2018.12.15"]
[SourceDate "2018.11.11"]

1. e4 c5 2. Nf3 Nf6 3. Nc3 d6 4. d4 cxd4 5. Nxd4 Nc6 6. Be2 e5 7. Nxc6 bxc6 8.
O-O Be7 9. Kh1 Nd7 10. Be3 O-O 11. a4 a5 12. Bc4 Nb6 13. Be2 Be6 14. f4 exf4
15. Bxf4 Qc7 16. Qd4 Nd7 17. Rad1 Ne5 18. Bxe5 dxe5 19. Qe3 Rfd8 20. Nb1 Rab8
21. b3 Rxd1 22. Rxd1 Bb4 23. Nd2 Rd8 24. Nf3 f6 25. Rd3 Kf7 26. Nd2 Qe7 27.
Rxd8 Qxd8 28. Nc4 Qd4 1/2-1/2

[Event "50smm A Arci-Klausen"]
[Site "?"]
[Date "2018.12.15"]
[Round "4.3"]
[White "Seebacher, Michael"]
[Black "Rinaldo, Gaetano"]
[Result "1-0"]
[WhiteElo "1978"]
[BlackElo "1730"]
[PlyCount "107"]
[EventDate "2018.12.15"]
[SourceDate "2018.11.11"]

1. d4 Nf6 2. Bf4 d6 3. Nc3 e6 4. e4 Be7 5. Bd3 c5 6. dxc5 dxc5 7. Qe2 Nc6 8.
Nf3 Nh5 9. Be3 e5 10. Nxe5 Nxe5 11. Bb5+ Bd7 12. Bxd7+ Qxd7 13. Qxh5 Nc4 14.
Rd1 Qc6 15. Nd5 Nxe3 16. fxe3 Bd8 17. Qe5+ Kf8 18. O-O h5 19. Rf5 Rh6 20. Rxh5
Rxh5 21. Qxh5 Kg8 22. Rf1 Qg6 23. Qe5 Bg5 24. Rf5 Bf6 25. Nxf6+ gxf6 26. Qxf6
Qxf6 27. Rxf6 Rd8 28. g4 Kg7 29. Rf5 Rd1+ 30. Kg2 Rd2+ 31. Rf2 Rd6 32. Kf3 Rf6+
33. Ke2 Ra6 34. a3 Rb6 35. b3 Ra6 36. a4 c4 37. Rf5 cxb3 38. cxb3 Rc6 39. Kd3
a6 40. h4 Rc1 41. h5 f6 42. e5 fxe5 43. Rxe5 Kf6 44. Rf5+ Kg7 45. g5 Rh1 46. g6
Rh4 47. Rf7+ Kg8 48. Rh7 b5 49. axb5 axb5 50. e4 Rh3+ 51. Kd4 Rxb3 52. Rb7 b4
53. h6 Rh3 54. Rb8# 1-0

[Event "50smm A Arci-Klausen"]
[Site "?"]
[Date "2018.12.15"]
[Round "4.4"]
[White "D'Ambrosio, Luca"]
[Black "Seebacher, Reinhard"]
[Result "1/2-1/2"]
[WhiteElo "1779"]
[BlackElo "1927"]
[PlyCount "59"]
[EventDate "2018.12.15"]
[SourceDate "2018.11.11"]

1. d4 d5 2. Nf3 Nf6 3. c4 e6 4. Bg5 h6 5. Bh4 Be7 6. Nc3 O-O 7. e3 c6 8. Rc1
Ne4 9. Bxe7 Qxe7 10. Bd3 Nxc3 11. Rxc3 Nd7 12. cxd5 exd5 13. O-O Nf6 14. a3 Bg4
15. b4 Ne4 16. Rc1 Bxf3 17. gxf3 Ng5 18. f4 Ne4 19. Bxe4 Qxe4 20. Qc2 Qf3 21.
Qf5 Rfe8 22. h4 Re6 23. Kh2 Rae8 24. Qh3 Qe2 25. Rce1 Rxe3 26. Qd7 Qd2 27. Rxe3
Rxe3 28. Qc8+ Kh7 29. Qf5+ Kg8 30. Qc8+ 1/2-1/2

[Event "50smm A Arci-Klausen"]
[Site "?"]
[Date "2018.12.15"]
[Round "4.5"]
[White "Schrott, Karl"]
[Black "Rizzardi, Roberto"]
[Result "1/2-1/2"]
[WhiteElo "1976"]
[BlackElo "1523"]
[PlyCount "44"]
[EventDate "2018.12.15"]
[SourceDate "2018.11.11"]

1. e4 d5 2. exd5 Qxd5 3. d4 c6 4. Nf3 Bg4 5. Be2 Nf6 6. O-O e6 7. c4 Qd6 8. Nc3
Nbd7 9. Re1 Be7 10. Bg5 O-O 11. Bh4 Qc7 12. h3 Bf5 13. Bd3 Bxd3 14. Qxd3 Rad8
15. Qe3 Rfe8 16. c5 Nh5 17. Bxe7 Rxe7 18. Ne4 Nhf6 19. Qg5 Nd5 20. a3 N7f6 21.
Nd6 Ne8 22. Nc4 b5 1/2-1/2

[Event "50smm A Arci-Klausen"]
[Site "?"]
[Date "2018.12.15"]
[Round "4.6"]
[White "Gasparro, Antonio"]
[Black "Schrott, Ernst"]
[Result "0-1"]
[WhiteElo "1434"]
[BlackElo "1883"]
[PlyCount "41"]
[EventDate "2018.12.15"]
[SourceDate "2018.11.11"]

{seguito non leggibile} 1. d4 Nf6 2. Nf3 g6 3. Nc3 Bg7 4. e4 d6 5. Be3 O-O 6.
Qd2 b6 7. Bh6 Bb7 8. Bxg7 Kxg7 9. Bd3 Nbd7 10. O-O-O c5 11. d5 a6 12. h4 Nh5
13. Nh2 Ne5 14. Be2 Qd7 15. f3 b5 16. b3 c4 17. bxc4 Rfc8 18. cxb5 axb5 19.
Bxb5 Qc7 20. f4 Nc4 21. Qd4+ 0-1

[Event "50smm A Brixen/Milland-Ehrenburg"]
[Site "?"]
[Date "2018.12.15"]
[Round "4.1"]
[White "Erlacher, Michael"]
[Black "Sader, Michael"]
[Result "1-0"]
[WhiteElo "2186"]
[BlackElo "2142"]
[PlyCount "56"]
[EventDate "2018.12.15"]
[SourceDate "2018.11.11"]

1. e4 c5 2. Nf3 e6 3. d4 cxd4 4. Nxd4 a6 5. Nc3 Qc7 6. Bd3 Nc6 7. Be3 Nf6 8.
O-O b5 9. Nxc6 dxc6 10. h3 e5 11. f4 exf4 12. Bxf4 Qb6+ 13. Kh1 Be6 14. a4 b4
15. a5 Qd4 16. e5 Nd5 17. Nxd5 Bxd5 18. Qe2 Qa7 19. e6 fxe6 20. Bg5 g6 21. c4
bxc3 22. bxc3 Bg7 23. c4 Bxa1 24. cxd5 Qd7 25. Rxa1 Qxd5 26. Bf6 O-O 27. Bc4
Rxf6 28. Bxd5 cxd5 1-0

[Event "50smm A Brixen/Milland-Ehrenburg"]
[Site "?"]
[Date "2018.12.15"]
[Round "4.2"]
[White "Brenninger, Daniel"]
[Black "Christian, Hengl"]
[Result "0-1"]
[WhiteElo "2068"]
[BlackElo "2147"]
[PlyCount "68"]
[EventDate "2018.12.15"]
[SourceDate "2018.11.11"]

1. e4 e6 2. d4 d5 3. Nd2 Nf6 4. e5 Nfd7 5. f4 c5 6. Ndf3 Nc6 7. c3 cxd4 8. cxd4
Bb4+ 9. Kf2 O-O 10. g3 f6 11. Bh3 fxe5 12. dxe5 Nc5 13. Kg2 Ne4 14. Ne2 Qb6 15.
Rf1 Bc5 16. a3 a5 17. Qc2 Bd7 18. Nc3 Nd4 19. Nxd4 Bxd4 20. Nxd5 exd5 21. Bxd7
Rf7 22. e6 Re7 23. f5 h6 24. Qd3 Rf8 25. Rb1 Nf6 26. Ba4 Rc8 27. Rd1 Be5 28.
Be3 Qd6 29. Bd4 Rc4 30. Bxe5 Qxe5 31. Bb3 Re4 32. Bxd5 Re2+ 33. Kg1 Nxd5 34.
Qxd5 Re1+ 0-1

[Event "50smm A Brixen/Milland-Ehrenburg"]
[Site "?"]
[Date "2018.12.15"]
[Round "4.3"]
[White "Kranebitter, Gerhard"]
[Black "Kofler, Thomas"]
[Result "1/2-1/2"]
[WhiteElo "2063"]
[BlackElo "1943"]
[PlyCount "48"]
[EventDate "2018.12.15"]
[SourceDate "2018.11.11"]

1. c4 e5 2. g3 Nf6 3. Bg2 c5 4. Nc3 Nc6 5. d3 d6 6. Nd5 Be7 7. e3 Be6 8. Ne2
O-O 9. Nec3 Re8 10. O-O Bf8 11. h3 Bxd5 12. Nxd5 Nxd5 13. cxd5 Ne7 14. Bd2 g6
15. Bc3 Bg7 16. e4 b5 17. b3 a5 18. a4 b4 19. Bb2 Ra7 20. f4 exf4 21. Bxg7 Kxg7
22. gxf4 Ng8 23. Rc1 Nf6 24. Qd2 Nh5 1/2-1/2

[Event "50smm A Brixen/Milland-Ehrenburg"]
[Site "?"]
[Date "2018.12.15"]
[Round "4.4"]
[White "Wisthaler, Lukas"]
[Black "Ritzer, Franz"]
[Result "1-0"]
[WhiteElo "1846"]
[BlackElo "1822"]
[PlyCount "87"]
[EventDate "2018.12.15"]
[SourceDate "2018.11.11"]

1. e4 c5 2. Nf3 d6 3. d4 cxd4 4. Nxd4 Nf6 5. Nc3 a6 6. Be2 e5 7. Nb3 Be6 8. O-O
Be7 9. Be3 O-O 10. f3 Nbd7 11. Nd5 Nxd5 12. exd5 Bf5 13. Bd3 Bg6 14. Bxg6 hxg6
15. c4 f5 16. Rc1 Rc8 17. Qe2 a5 18. Rc2 b6 19. Nd2 Kf7 20. Qd3 Nc5 21. Qe2 Rh8
22. Nb3 Nd7 23. Qd3 Bg5 24. Qd2 f4 25. Bf2 Rh5 26. Be1 Qh8 27. h3 a4 28. Nc1 e4
29. fxe4 Ne5 30. Nd3 Nxc4 31. Qe2 Ke7 32. Nxf4 Rh6 33. Rxc4 Bf6 34. Bc3 g5 35.
Bxf6+ gxf6 36. Ne6 Rh4 37. Rxc8 Qxc8 38. Qf2 Qh8 39. Qxb6 Kf7 40. Qd8 Qh6 41.
Qd7+ Kg8 42. Qe8+ Kh7 43. Qf7+ Kh8 44. Rxf6 1-0

[Event "50smm A Brixen/Milland-Ehrenburg"]
[Site "?"]
[Date "2018.12.15"]
[Round "4.5"]
[White "Gruber, Alexander"]
[Black "Kofler, Oswald"]
[Result "1/2-1/2"]
[WhiteElo "1803"]
[BlackElo "1833"]
[PlyCount "62"]
[EventDate "2018.12.15"]
[SourceDate "2018.11.11"]

1. e4 e5 2. Nf3 Nc6 3. Bc4 Bc5 4. O-O Nf6 5. Nc3 O-O 6. d3 h6 7. Be3 Bb6 8. Qd2
Ng4 9. Bxb6 axb6 10. h3 Nf6 11. d4 exd4 12. Nxd4 d6 13. Rfe1 Re8 14. Rad1 Nxd4
15. Qxd4 Be6 16. e5 dxe5 17. Qxd8 Raxd8 18. Bxe6 fxe6 19. Rxe5 Kf7 20. Rxd8
Rxd8 21. Re2 Nd5 22. Nxd5 Rxd5 23. f3 b5 24. a3 Rd1+ 25. Kf2 Rb1 26. c3 Ke7 27.
Rd2 Rc1 28. Ke2 Rg1 29. Kf2 Rc1 30. Ke2 Rg1 31. Kf2 Rc1 1/2-1/2